[Event "Verona op-B"]
[Site "Verona"]
[Date "2019.01.06"]
[Round "7"]
[White "Corbella, Corrado"]
[Black "Fusa, Nicola"]
[Result "0-1"]
[WhiteElo "1611"]
[BlackElo "1634"]
[PlyCount "90"]
[EventDate "2019.01.02"]
[EventType "swiss"]
[EventRounds "7"]
[EventCountry "ITA"]
[SourceTitle "EXT 2021"]
[Source "ChessBase"]
[SourceDate "2020.10.23"]
[SourceVersion "1"]
[SourceVersionDate "2020.10.23"]
[SourceQuality "1"]

1. d4 d5 2. Bf4 Nf6 3. h3 e6 4. Nf3 Bd6 5. Bxd6 Qxd6 6. e3 0-0 7. Be2 Qb4+ 8. Nbd2 Qxb2 9. Qb1 Qxb1+ 10. Rxb1 Nbd7 11. 0-0 b6 12. c4 Ba6 13. Rfc1 c5 14. Kf1 Rac8 15. cxd5 Bxe2+ 16. Kxe2 Nxd5 17. Ne4 cxd4 18. Nxd4 a6 19. Nd6 Rxc1 20. Rxc1 Nc5 21. Nb3 Nd7 22. Nd4 h6 23. Nc6 Ra8 24. Ne7+ Nxe7 25. Rc7 Rd8 26. Nb7 Nd5 27. Rc6 Rb8 28. Nd6 Ne5 29. Rc1 Rd8 30. Ne4 Rd7 31. f4 Ng6 32. g4 Rc7 33. Rxc7 Nxc7 34. Nd6 Nf8 35. Kd3 Nd7 36. Kd4 Kf8 37. e4 f6 38. h4 e5+ 39. fxe5 Nxe5 40. Nc4 Nxc4 41. Kxc4 Ke7 42. Kd4 Kd6 43. a4 Ne6+ 44. Ke3 Ke5 45. Kf3 Nc5 0-1

[Event "Verona op-B"]
[Site "Verona"]
[Date "2019.01.04"]
[Round "4"]
[White "Bartels, Vladimir"]
[Black "Fusa, Nicola"]
[Result "1-0"]
[WhiteElo "1718"]
[BlackElo "1634"]
[PlyCount "88"]
[EventDate "2019.01.02"]
[EventType "swiss"]
[EventRounds "7"]
[EventCountry "ITA"]
[SourceTitle "CBM 188 Extra"]
[Source "ChessBase"]
[SourceDate "2019.02.28"]
[SourceVersion "1"]
[SourceVersionDate "2019.02.28"]
[SourceQuality "1"]

1. e4 c5 2. Nc3 e6 3. Bc4 Nc6 4. f4 d6 5. Nf3 Be7 6. 0-0 Nf6 7. d3 a6 8. a4 Qc7 9. Bd2 0-0 10. Qe1 Bd7 11. h3 Rab8 12. e5 Ne8 13. Qg3 d5 14. Bb3 Qb6 15. a5 Qc7 16. Ne2 Kh8 17. Kh1 Rg8 18. Ba4 Rc8 19. Nh4 Qd8 20. Nf3 Nb4 21. Bxb4 cxb4 22. Bxd7 Qxd7 23. Ned4 Nc7 24. Rac1 Nb5 25. Qf2 Bc5 26. Rfd1 Qd8 27. Ng5 Rf8 28. Qh4 h6 29. Nxf7+ Rxf7 30. Qxd8+ Rxd8 31. Nxe6 Rc8 32. c4 Be3 33. Rc2 Nd4 34. Nxd4 Bxd4 35. e6 Re7 36. f5 dxc4 37. dxc4 Bf6 38. b3 Kh7 39. Rcd2 h5 40. g4 Kh6 41. Kg2 h4 42. Kf3 Kg5 43. Ke4 Rcc7 44. Rd7 Kh6 1-0

[Event "Verona op-B"]
[Site "Verona"]
[Date "2019.01.02"]
[Round "1"]
[White "Fusa, Nicola"]
[Black "Madiai, Filippo"]
[Result "0-1"]
[WhiteElo "1634"]
[BlackElo "1773"]
[PlyCount "116"]
[EventDate "2019.01.02"]
[EventType "swiss"]
[EventRounds "7"]
[EventCountry "ITA"]
[SourceTitle "CBM 188 Extra"]
[Source "ChessBase"]
[SourceDate "2019.02.28"]
[SourceVersion "1"]
[SourceVersionDate "2019.02.28"]
[SourceQuality "1"]

1. e4 c5 2. Bc4 Nc6 3. Nc3 Nf6 4. e5 Nxe5 5. Be2 d5 6. d4 cxd4 7. Qxd4 Nc6 8. Qd1 Bf5 9. Nf3 e6 10. a3 Rc8 11. 0-0 Be7 12. Bf4 a6 13. Rc1 0-0 14. h3 b5 15. Bd3 Bxd3 16. cxd3 b4 17. axb4 Nxb4 18. Qe2 Qb6 19. Be3 Qb7 20. Rfd1 Nd7 21. d4 Rc6 22. Ra1 Rfc8 23. Rdc1 Bd6 24. Ng5 Nb6 25. Nf3 Nc4 26. Rab1 Qc7 27. Nd1 a5 28. Nc3 Qb8 29. Na4 Nxe3 30. Rxc6 Rxc6 31. fxe3 Rc2 32. Qd1 Qb5 33. Nc3 Qd3 34. Qxd3 Nxd3 35. Nd1 Bb4 36. b3 f6 37. Kf1 Kf7 38. Kg1 h5 39. Kf1 g5 40. g4 Kg6 41. Kg1 hxg4 42. hxg4 f5 43. Ne5+ Nxe5 44. gxf5+ Kxf5 45. dxe5 Kxe5 46. Nf2 Bd2 47. Nd1 Rc1 48. Rxc1 Bxc1 49. Kf2 Ke4 50. Ke2 Ba3 51. Nf2+ Kf5 52. Kf3 e5 53. e4+ dxe4+ 54. Nxe4 g4+ 55. Ke3 Bc1+ 56. Kd3 Kf4 57. Nf2 Kf3 58. Ne4 g3 0-1